000 00294nam a2200121Ia 4500
008 240624s9999 xx 000 0 und d
041 _aeng
082 _a809 MAC
100 _aMACHI LAWRENCE A
245 _aLITERATURE REVIEW SIX STEPS TO SUCCESS
260 _aCalifornia
_bCorwin
365 _cRS
999 _c24428
_d24428